[Event "19th Raciborz Open 2019"]
[Site "Raciborz"]
[Date "2019.02.14"]
[Round "8.5"]
[White "Frolov, Artur"]
[Black "Szczecina, Kamil"]
[Result "1-0"]
[WhiteElo "2447"]
[BlackElo "2001"]
[Annotator "TA"]
[PlyCount "65"]
[EventDate "2019.02.09"]
[EventType "swiss"]
[EventCountry "POL"]
[SourceTitle "playchess.com"]
[Source "ChessBase"]
[SourceQuality "1"]

{[%evp 23,65,0,0,-14,25,23,10,22,39,11,78,70,71,71,72,75,66,62,67,77,57,46,92,52,54,18,24,22,29,0,24,3,0,0,0,0,56,0,66,0,85,60,95,92]} 1. e4 c5 2. Nf3 e6 3. Nc3 a6 4. d4 cxd4 5. Nxd4 Qc7 6. Bd3 Nf6 7. Qe2 d6 8. a4 {B43: Sicilian: Kan Variation: 5 Nc3} (8. f4 Nbd7 9. g4 Nc5 10. g5 Nfd7 11. Be3 b5 12. a3 Bb7 13. O-O-O Rc8 14. Kb1 e5 15. Nf5 g6 16. Nh6 Bxh6 17. gxh6 exf4 18. Bxf4 {1-0 (36) Zhigalko,A (2545)-Gordievsky,D (2614) St Petersburg 2018}) 8... b6 9. f4 Nbd7 10. Nb3 Bb7 11. O-O {[%cal Bh1f1,Bf1f3,Bf3h3][%mdl 32]} Be7 12. Bd2 O-O {LiveBook: 3 Games} 13. Rf3 e5 14. Raf1 Rfe8 15. Rh3 d5 $146 ({Predecessor:} 15... Bf8 16. fxe5 Nxe5 17. Rxf6 gxf6 {1-0 (27) Orlyanskaya,D (2053)-Tsirulnik,M (2094) Lugansk 2009}) 16. fxe5 (16. exd5 $5 {[%cal Rf4e5]} e4 17. Nxe4 $16) 16... Qxe5 {[#]} (16... Nxe5 $11 {remains equal.} 17. Nxd5 Bxd5 18. exd5 h6) 17. Bf4 $1 $16 {[%cal Rf4e5]} Qe6 {[%cal Rd5e4]} 18. e5 Ne4 19. Kh1 Bc5 ({Avoid the trap} 19... Nxe5 $2 20. Qh5 $18 (20. Bxe4 dxe4 21. Qh5 Qg6 $18)) 20. Nxe4 dxe4 21. Bxe4 Bxe4 22. Qxe4 g6 23. Rhf3 f6 24. Bh6 {Strongly threatening Qb7.} Bf8 25. Bxf8 Rxf8 26. Qb7 (26. h3 {is more complex.} fxe5 27. Nd2 Nc5 28. Qe3 Rxf3 29. Nxf3 Rf8 30. Re1) 26... fxe5 27. Rxf8+ Rxf8 28. Rxf8+ Kxf8 29. Qxa6 Qg4 (29... Qc6 $11 30. Qd3 Qxa4) 30. Nd2 ({White should try} 30. Qf1+ $1 $14 Kg7 31. a5) 30... Ke7 (30... Qb4 $11 31. Qd3 Qxb2) 31. Nf3 (31. Qc4 $14 Qd1+ 32. Nf1) 31... e4 (31... Qe4 $11 {keeps the balance.}) 32. Qe2 Nc5 33. b3 {Precision: White = 36%, Black = 33%.} 1-0

[Event "19th Raciborz Open 2019"]
[Site "Raciborz"]
[Date "2019.02.14"]
[Round "8.6"]
[White "Kowalczyk, Rafal"]
[Black "Malecki, Rafal"]
[Result "0-1"]
[WhiteElo "2234"]
[BlackElo "2036"]
[Annotator "TA"]
[PlyCount "68"]
[EventDate "2019.02.09"]
[EventType "swiss"]
[EventCountry "POL"]
[SourceTitle "playchess.com"]
[Source "ChessBase"]
[SourceQuality "1"]

{[%evp 14,68,92,98,108,68,64,64,81,71,94,97,121,130,100,53,103,105,87,0,0,0,0,0,-7,-16,52,0,0,0,0,0,0,-57,-41,-49,0,0,0,9,8,8,11,0,0,-161,-147,-7097,-8040,-5314,-5185,-2311,-1675,-29978,-29979,-29979,-29978]} 1. e4 d6 2. d4 g6 3. Nc3 Bg7 4. f4 Nc6 5. Be3 Nf6 6. Nf3 Bg4 {B06: Modern Defence} (6... e6 7. Bd3 O-O 8. Qd2 Ng4 9. Bg1 e5 10. d5 Nb4 11. h3 Nxd3+ 12. cxd3 Nf6 13. fxe5 dxe5 14. Bh2 {½-½ (29) Sturua,Z (2548)-Movsziszian,K (2502) Sabadell 2017}) 7. h3 Bxf3 8. Qxf3 {LiveBook: 3 Games} (8. gxf3 e6 $11) 8... e5 {White is better.} 9. dxe5 dxe5 10. f5 Nd4 {[#]} 11. Qf2 $1 gxf5 12. exf5 Nd5 13. Nxd5 $146 ({Predecessor:} 13. Bd3 c6 14. O-O Nxe3 15. Qxe3 {0-1 (40) Mitterhuemer,G (2105)-Harringer,F (2225) Austria 2001}) 13... Qxd5 14. c3 Qe4 15. O-O-O ({Inferior is} 15. cxd4 exd4 16. Qf4 (16. Bb5+ c6 $17) 16... Qxe3+ 17. Qxe3+ dxe3 $15) 15... Nxf5 16. Bb5+ (16. Bg5 $16 Nd6 17. Bd3) 16... c6 $11 17. Bg5 cxb5 18. Rhe1 Qc6 {[#] White must now prevent ...Nh6.} 19. Qxf5 O-O (19... f6 $11) 20. Rd7 (20. Be7 $1 $14) 20... b4 21. Be7 bxc3 22. Bxf8 Rxf8 23. g4 ({White should try} 23. bxc3 $11 Qxc3+ 24. Kd1) 23... cxb2+ 24. Kb1 Qc3 (24... e4 $15) 25. Red1 e4 26. Qxe4 Bh6 $40 {[%mdl 128] ( -> ...Qc1+). Black has some attack.} 27. Qc2 Qxh3 28. Rxb7 Qxg4 29. Rh1 $2 (29. Rc7 $11 {and White is okay.}) 29... Rc8 $19 30. Rc7 $2 {[%mdl 8192]} (30. Rb4 $17 Qe6 31. Rg1+ Bg7 32. Qe4 (32. Qxb2 $2 Qf5+ 33. Ka1 Qg6 $19)) 30... Rxc7 31. Qxc7 Qe4+ 32. Kxb2 Qxh1 33. Qxa7 Qc1+ 34. Kb3 Qe3+ {Precision: White = 38%, Black = 66%.} 0-1

[Event "19th Raciborz Open 2019"]
[Site "Raciborz"]
[Date "2019.02.14"]
[Round "8.7"]
[White "Drozniak, Stanislaw"]
[Black "Piankov, Evgenij"]
[Result "1/2-1/2"]
[WhiteElo "2048"]
[BlackElo "2225"]
[Annotator "TA"]
[PlyCount "256"]
[EventDate "2019.02.09"]
[EventType "swiss"]
[EventCountry "POL"]
[SourceTitle "playchess.com"]
[Source "ChessBase"]
[SourceQuality "1"]

{[%evp 9,256,37,37,40,47,45,50,47,58,26,52,27,45,36,36,29,41,29,53,45,61,10,30,0,92,81,89,67,79,54,58,83,100,3,27,-17,0,4,39,46,38,26,107,-58,193,164,199,212,188,147,322,105,591,75,75,120,102,127,175,154,103,147,503,502,443,499,490,492,481,489,875,837,29972,29971,5730,914,888,823,748,711,1659,1200,4977,4370,3727,3675,1878,1756,1723,318,318,318,318,318,304,236,236,236,236,174,174,174,174,174,174,174,174,174,236,236,236,236,236,236,236,236,236,236,3521,2425,5935,5916,5881,5866,5566,1925,1876,1850,1843,711,711,711,1416,711,1457,1416,1401,1387,1390,540,431,379,379,42,212,40,42,0,6155,5866,1460,711,711,711,711,0,0,0,0,0,0,0,0,0,0,0,711,0,711,0,711,0,0,0,711,0,547,0,29979,29980,29980,29980,29977,29978,0,0,0,0,0,0,0,0,0,0,0,0,0,0,29978,0,29980,29981,0,0,0,0,0,0,0,0,0,0,0,0,0,0,0,0,0,0,0,0,0,0,0,0,0,0,0,0,0,0,0,0,0,0,0,0,0,0,0,0,0,0,0,0,0,0,0]} 1. e4 c6 2. d4 d5 3. e5 Bf5 4. h4 Qc8 (4... h5 5. Bd3 Bxd3 6. Qxd3 e6 7. Bg5 Be7 8. Nf3 Nh6 9. Nbd2 Nf5 10. Nf1 Qa5+ 11. c3 Qa6 12. Qd2 Nd7 13. Ng3 Nxg3 14. fxg3 f6 {½-½ (72) Inarkiev,E (2693)-Tomashevsky,E (2705) St Petersburg 2018}) 5. h5 h6 6. Nc3 {B12: Caro-Kann: Advance Variation} e6 7. g4 Bh7 $1 8. Be3 {White is slightly better.} a6 $146 ({Predecessor:} 8... Nd7 9. f4 a6 10. Bd3 Bxd3 11. cxd3 c5 12. dxc5 {1-0 (34) Kozionov,K (2423)-Mamontova,A (2074) Moscow 2018}) 9. Qd2 b5 10. Nge2 Nd7 11. f4 c5 12. Bg2 Nb6 13. b3 b4 14. Nd1 c4 15. c3 (15. Ng3 $14) 15... a5 16. Nb2 Qa6 (16... Ne7 $11) 17. O-O Rc8 18. Rac1 bxc3 $1 19. Nxc3 Ba3 $1 20. f5 Ne7 {[%cal Re6f5]} 21. fxe6 (21. f6 $16 gxf6 22. Rxf6 (22. exf6 Nc6 $11)) 21... fxe6 $11 22. Qf2 Kd7 23. Qd2 g6 24. hxg6 Bxg6 25. Rf6 Rcg8 (25... a4 $11) 26. Ncd1 $2 (26. Rcf1 $16) 26... Bb4 $2 {[%mdl 8192]} (26... Be4 $1 $15 {stays ahead.} 27. Qe2 Bxg2 28. Kxg2 h5) 27. Qe2 $1 $18 Bd3 28. Nxd3 cxd3 29. Qf3 {And now Bf1 would win.} Rc8 $2 (29... d2 $16 {might work better.} 30. Ra1 a4) 30. Rc5 $2 ({Weaker is} 30. Rxh6 Rxh6 31. Bxh6 d2 $16) (30. Bf1 $18) 30... a4 $2 {[%mdl 8192] [#]} (30... Bxc5 $16 31. dxc5 Na8) 31. Bh3 $2 (31. Rxe6 $3 $18 {[%mdl 512] is the precise move to win.} Rcf8 (31... Kxe6 32. Qf6+) 32. Rd6+ Ke8 33. Qh3) 31... axb3 $16 32. axb3 Bxc5 33. dxc5 Na8 {[#]} 34. Rxe6 $1 {[%mdl 512]} Qxe6 35. g5 $36 {[%mdl 2048] White is on the roll.} Rcf8 $2 {[%mdl 8192]} (35... Nc7 $16 {is tougher.}) 36. Bxe6+ $18 Kxe6 37. Qg4+ Nf5 38. Nf2 hxg5 39. Nxd3 Rfg8 (39... Nc7 $142 40. c6 d4) 40. Bxg5 Rh4 41. Nf4+ Kxe5 42. Bf6+ (42. Qe2+ $142 Ne3 43. Qxe3+ Kf5 44. Qe6+ Kxg5 45. Qxg8+ Kxf4 46. Qxa8) 42... Kxf6 43. Qxg8 Rxf4 44. Qxa8 {[%mdl 4096] Endgame KQ-KRN} d4 45. c6 d3 46. Qd8+ Ke6 47. Qxd3 Rd4 48. Qb5 Ne7 49. b4 $2 (49. Qb7 Rd8 50. b4) 49... Rd1+ 50. Kf2 Rd2+ 51. Ke3 Rc2 52. Ke4 Rxc6 53. Qe5+ Kd7 54. Qd4+ Rd6 55. Qa7+ Kd8 56. b5 Nc8 57. Qc5 {Strongly threatening Ke5.} Kd7 58. Ke5 Re6+ (58... Rg6 $142) 59. Kd4 Rd6+ 60. Kc3 Kd8 61. Kb4 Kd7 62. Ka5 Kd8 63. Qc3 Kd7 $2 (63... Nb6 64. Qc5 Nc8) 64. Qg7+ Kd8 65. Qf7 Rd7 66. Qf6+ Ne7 67. Ka6 (67. b6 $142 Ke8 68. Qf3) 67... Rd3 68. b6 Kd7 69. Kb7 (69. Qf7 $142 Rd6 70. Ka7) 69... Rd6 70. Qf8 Ke6 71. Qh6+ Ke5 72. Qh2+ Ke6 73. Qh3+ Ke5 74. Ka7 (74. Qe3+ $142 Kf6 75. Kc7 Rc6+ 76. Kd7) 74... Nc6+ 75. Ka8 Kd5 76. b7 $2 ({White should play} 76. Qb3+ $18 Kc5 77. Qa3+ Kd5 78. Qf3+ Ke5 79. Qh5+ Kd4 80. Qg4+ Kc5 81. b7) 76... Kc5 $14 77. b8=Q $2 ({White must play} 77. Qa3+ $1 $18 Kd5 78. b8=Q Nxb8 79. Qf3+ Ke5 80. Kxb8) 77... Nxb8 78. Kxb8 {KQ-KR} Kc6 $2 {[%mdl 8192]} (78... Rd4 $11 79. Kc7 Rf4 80. Qe3+ Rd4) 79. Qc3+ $1 $18 Kd7 80. Kb7 Ke6 81. Qc4+ Ke5 82. Kc7 $2 (82. Qc5+ $1 $18 Rd5 83. Qe3+ Kd6 84. Qa3+ Ke5 85. Kc6) 82... Rd4 $11 83. Qc3 (83. Qc1 {is interesting.} Kf5 84. Qa1 Rc4+ 85. Kd6 Ke4 86. Qe1+) 83... Kd5 84. Qa5+ (84. Qa1 {seems wilder.} Rc4+ 85. Kd7 Ke4 86. Kd8 Rd4+ 87. Kc7) 84... Ke4 85. Kc6 Rd3 86. Qb4+ Rd4 87. Qe1+ Kf5 $2 {[%mdl 8192]} (87... Kd3 $11 88. Kc5 Rf4) 88. Qe2 $1 $18 Kf4 $2 {[%mdl 8192]} (88... Rf4 $11 89. Kd5 Kg5) 89. Kc5 $2 (89. Qf2+ $1 $18 Ke5 90. Qe3+ Re4 91. Qg5+ Kd4 92. Qf6+ Kc4 93. Qf1+ Kd4 94. Qa1+ Ke3 95. Kd5) 89... Re4 $2 {[%mdl 8192]} (89... Ra4 $11 90. Qd2+ Kg3 91. Qe3+ Kg2) 90. Qh2+ $2 (90. Qf2+ $1 $18 Ke5 91. Qf7) 90... Kf3 $11 91. Kd5 {Qh1+ would kill now.} Re3 $2 {[%mdl 8192]} (91... Rf4 $11 92. Qc2 Kg4 93. Qg2+ Kh4) 92. Qh4 $2 (92. Kd4 $1 $18 Re4+ 93. Kd5) 92... Rd3+ $2 {[%mdl 8192]} (92... Ke2 $11 {and Black has nothing to worry.} 93. Qg4+ Kd2 94. Qg2+ Ke1) 93. Ke5 $2 ({White has to play} 93. Kc4 $1 $18 {[%cal Rc4d3]} Rd2 94. Qh3+ Ke4 95. Qg4+ Ke3 96. Qg3+ Ke2 97. Qh3) 93... Re3+ $2 {[%mdl 8192]} (93... Ke2 $11 94. Qh2+ Kf3 95. Qh3+ Ke2 96. Qh2+ Kd1) 94. Kd4 $1 Re2 95. Qh5+ Kf2 {[#]} 96. Kd3 $1 Re3+ 97. Kd2 Rg3 $1 98. Qh1 {Hoping for Qe4.} Rg2 99. Kd3 Rg3+ 100. Ke4 Rg4+ 101. Kf5 Rd4 102. Qh3 Ke2 103. Qc3 Rh4 $2 {[%mdl 8192] [#]} (103... Rd1 $11 104. Ke4 Rd7 105. Qc4+ Kd2 106. Qb4+ Kc1) 104. Qb2+ $2 (104. Qc2+ $1 {mates} Ke3 105. Qc1+ Ke2 106. Qc2+ Ke3 107. Qc1+ Ke2 108. Qc3 Kf2 109. Qd2+ Kf1 110. Qd8) 104... Kf3 $2 {[%mdl 8192]} (104... Kd1 $11 105. Qb6 Rc4 106. Qb3+ Rc2) 105. Qa3+ Kf2 106. Qc5+ {The position is equal.} Kf3 {Threatens to win with ...Rh5+.} 107. Qd5+ Ke3 108. Kg5 Re4 109. Kf5 Rh4 110. Qg2 {White wants to mate with Qg5+.} Rc4 111. Qf1 Rd4 112. Qh3+ Kd2 113. Ke5 Rb4 114. Qf3 Rc4 115. Kd5 Rb4 (115... Rc1 {is more complex.} 116. Qg4 Rc2 117. Kd4 Kc1 118. Qf4+ Kb2) 116. Kc5 Ra4 (116... Rb2 {looks sharper.} 117. Kd4 Rb4+ 118. Ke5) 117. Qf2+ Kd3 118. Qf5+ Kc3 119. Qe5+ Kd3 120. Qd6+ Kc3 121. Kb5 Re4 122. Qd5 Rd4 123. Qe5 {White threatens Kc5 and mate.} Kd3 124. Kc5 Rc4+ 125. Kd5 {Threatening mate with Qg3+.} Rb4 126. Qg3+ Kc2 127. Kc5 Ra4 128. Qe3 Ra7 {Precision: White = 38%, Black = 39%.} 1/2-1/2

[Event "19th Raciborz Open 2019"]
[Site "Raciborz"]
[Date "2019.02.14"]
[Round "8.8"]
[White "Tymrakiewicz, Rafal"]
[Black "Koloczek, Maciej"]
[Result "1-0"]
[WhiteElo "2194"]
[BlackElo "1922"]
[Annotator "TA"]
[PlyCount "71"]
[EventDate "2019.02.09"]
[EventType "swiss"]
[EventCountry "POL"]
[SourceTitle "playchess.com"]
[Source "ChessBase"]
[SourceQuality "1"]

{[%evp 22,71,71,67,76,61,77,40,50,60,58,64,59,31,66,56,53,56,48,41,52,23,33,33,80,80,112,91,91,93,199,158,266,138,182,148,162,156,195,179,190,187,268,261,495,446,1350,394,29994,29995,29995,29996]} 1. d4 Nf6 2. Nf3 g6 3. c4 Bg7 4. Nc3 O-O 5. Bg5 d6 6. e3 c5 7. d5 b5 8. cxb5 a6 9. bxa6 Bxa6 10. Bxa6 Rxa6 11. O-O Nbd7 12. e4 h6 {A58: Benko/Volga Gambit: Lines with 5 bxa6} (12... Qa8 13. Re1 Rb8 14. Re2 h6 15. Bh4 g5 16. Bg3 Nh5 17. Qc1 Rab6 18. Rc2 Qa5 19. b3 Ra6 20. Nd2 Bd4 21. Nc4 Qb4 22. Rb1 Qb7 {½-½ (22) Gagarin,V (2422)-Savchenko,B (2569) Moscow 2006}) 13. Bf4 Ng4 14. Qe2 $146 ({Predecessor:} 14. Qc1 Qb6 15. Rb1 g5 16. Bg3 Rc8 17. Qc2 Nge5 18. Nxe5 Nxe5 19. f4 Ng4 20. Qe2 {0-1 (29) Airapetian,N (2085)-Mitkov,A (2145) Voronezh 2007}) 14... Qa8 {White is slightly better.} 15. h3 Nge5 16. Nxe5 Nxe5 17. Bg3 g5 18. h4 gxh4 19. Bxh4 Ng6 20. Bg3 $1 $36 {[%mdl 2048] White fights for an advantage.} Rb8 21. Rfc1 Rab6 22. Rc2 Qb7 23. b3 Rb4 24. Rac1 Ra8 25. Nb1 Ne5 (25... Qb5 $16) 26. Nd2 f5 (26... Qa6 $16 {was necessary.} 27. Qxa6 Rxa6) 27. Nc4 ({Weaker is} 27. exf5 Qxd5 28. Bxe5 Qxe5 $16) (27. Bxe5 $18 Bxe5 28. Nc4 (28. exf5 Qxd5 29. Nc4 Bf6 $18) (28. Qh5 fxe4 29. Qg6+ Bg7 $16)) 27... Nxc4 $16 28. bxc4 fxe4 29. Qxe4 Rb1 30. Bf4 Rxc1+ 31. Rxc1 Rxa2 {[#]} (31... e5 {keeps fighting.}) 32. Rb1 $1 $18 {[%cal Rb1b7]} Rb2 $2 (32... Qxb1+ 33. Qxb1 Ra1 34. Qxa1 Bxa1 35. Bxh6 Kf7) 33. Re1 Qb3 (33... e5 $142 34. dxe6 {[%mdl 64] Discovered Attack} Qxe4 35. Rxe4 Be5 36. Bxe5 dxe5 37. Rxe5 Rb8 38. Rxc5 Rb1+ 39. Kh2 Re1) 34. Qxe7 $2 (34. Qe6+ Kh7 35. Qf5+ Kh8 36. Rxe7) 34... Qxc4 $2 (34... Qc2 $18 35. Kh2 Qg6 36. Qxd6 Qxd6 37. Bxd6 Rc2 38. Bxc5 Rxc4) 35. Qe6+ {[%mdl 64] Double Attack} Kh8 36. Qc8+ {Accuracy: White = 42%, Black = 33%.} 1-0

[Event "19th Raciborz Open 2019"]
[Site "Raciborz"]
[Date "2019.02.14"]
[Round "8.9"]
[White "Smal, Tobiasz"]
[Black "Helis, Tadeusz"]
[Result "0-1"]
[WhiteElo "2022"]
[BlackElo "2174"]
[Annotator "TA"]
[PlyCount "42"]
[EventDate "2019.02.09"]
[EventType "swiss"]
[EventCountry "POL"]
[SourceTitle "playchess.com"]
[Source "ChessBase"]
[SourceQuality "1"]

{[%evp 13,42,33,55,4,12,0,11,0,0,0,18,8,10,-31,-34,-94,-89,-92,-67,-62,-60,-100,-95,-85,-93,-289,-326,-1109,-1096,-1004,-890]} 1. e4 c5 2. Nf3 e6 3. d4 cxd4 4. Nxd4 a6 5. Bd3 Nc6 6. Nxc6 dxc6 7. O-O e5 8. Nc3 {B42: Sicilian: Kan Variation: 5 Bd3} (8. Nd2 $14) (8. Nd2 Nf6 9. Nc4 Bd6 10. a4 O-O 11. a5 Be6 12. Nxd6 Qxd6 13. b3 Rfd8 14. Qe2 Bxb3 15. Rb1 Ba4 16. Rxb7 Bb5 {0-1 (70) Grover,S (2511)-Quparadze,G (2493) chess.com INT 2019}) 8... Nf6 $11 9. Qe2 Bc5 10. Be3 {The position is equal.} Bg4 $146 11. f3 Bxe3+ 12. Qxe3 Be6 13. f4 Ng4 14. Qg3 ({Better is} 14. Qc5 $1 $15) 14... exf4 $17 15. Qxf4 Qd4+ 16. Kh1 Qe5 17. g3 h5 $36 {[%mdl 2048] Black is really pushing.} 18. h3 {[#]} g5 $1 {[%cal Rg5f4]} 19. Qf3 $2 (19. Qxe5 $17 Nxe5 20. Kg2) 19... h4 $19 20. hxg4 $2 (20. Rg1) 20... hxg3+ 21. Kg1 Qd4+ {Accuracy: White = 14%, Black = 66%.} 0-1

[Event "19th Raciborz Open 2019"]
[Site "Raciborz"]
[Date "2019.02.14"]
[Round "8.10"]
[White "Niedbala, Bartlomiej"]
[Black "Polczyk, Mikolaj"]
[Result "1/2-1/2"]
[WhiteElo "1949"]
[BlackElo "2052"]
[Annotator "NA RC"]
[PlyCount "64"]
[EventDate "2019.02.09"]
[EventType "swiss"]
[EventCountry "POL"]
[SourceTitle "playchess.com"]
[Source "ChessBase"]
[SourceQuality "1"]
[TimeControl "5400+30"]

1. e4 {[%emt 0:00:15]} c5 {[%emt 0:01:13]} 2. Nf3 {[%emt 0:01:26]} Nc6 {[%emt 0:03:45]} 3. d4 {[%emt 0:03:52]} cxd4 {[%emt 0:00:09]} 4. Nxd4 {[%emt 0:00:06]} Nf6 {[%emt 0:00:06]} 5. Nc3 {[%emt 0:00:03]} d6 {[%emt 0:00:32]} 6. Bg5 {[%emt 0:00:09]} e6 {[%emt 0:02:19]} 7. Qd2 {[%emt 0:00:14]} a6 {[%emt 0:01:27]} 8. O-O-O {[%emt 0:00:24]} Nxd4 {[%emt 0:02:05]} 9. Qxd4 {[%emt 0:08:50]} Be7 {[%emt 0:01:51]} 10. f3 {[%emt 0:13:43]} O-O {[%emt 0:00:27]} 11. h4 {[%emt 0:01:09]} Qa5 {[%emt 0:21:02]} 12. Kb1 {[%emt 0:06:53] LiveBook: 20 Games} Rd8 {[%emt 0:05:50] B63: Sicilian: Richter-Rauzer: 7...Be7 and unusual Black 7th moves} (12... b5 13. Qd2 b4 14. Ne2 e5 15. c4 Be6 16. Ng3 Rfd8 17. Bd3 Qc7 18. Nf5 Bxf5 19. exf5 d5 20. Bxf6 Bxf6 21. cxd5 Rxd5 22. Qe2 Rad8 23. g4 h6 24. Bxa6 Rxd1+ 25. Rxd1 Bxh4 {½-½ (25) Narayanan,S (2436)-Mchedlishvili,M (2639) Kolkata 2014}) 13. g4 {[%emt 0:05:19]} b5 {[%emt 0:11:39]} 14. Qd2 {[%emt 0:12:52]} Bb7 $146 {[%emt 0:02:23]} ({Predecessor:} 14... b4 15. Ne2 e5 16. c4 Be6 17. Ng3 d5 18. exd5 Nxd5 19. Qc2 b3 20. Qxb3 Rab8 21. Bd2 Bb4 22. cxd5 Bxd5 23. Bxb4 Bxb3 {0-1 (23) Kienast,J (2253)-Begnis,N (2417) Germany 2009}) 15. Nd5 {[%emt 0:10:17]} Qxd2 {[%emt 0:00:44]} 16. Nxe7+ {[%emt 0:00:37]} Kf8 {[%emt 0:00:04]} 17. Bxd2 {[%emt 0:03:49]} Kxe7 {[%emt 0:00:09]} 18. Ba5 {[%emt 0:02:56]} Rd7 {[%emt 0:14:15]} 19. Rh2 {[%emt 0:03:56]} Ne8 {[%emt 0:08:11]} 20. Rhd2 {[%emt 0:02:54]} f6 {[%emt 0:00:50]} 21. c4 {[%emt 0:03:00]} Bc6 {[%emt 0:07:46]} 22. cxb5 {[%emt 0:04:11]} Bxb5 {[%emt 0:00:22]} 23. Bxb5 {[%emt 0:01:17]} axb5 {[%emt 0:00:06]} 24. Bb4 {[%emt 0:00:03]} Rad8 {[%emt 0:00:54]} 25. f4 {[%emt 0:02:46]} Kf7 {[%emt 0:01:20]} 26. e5 {[%emt 0:01:28]} d5 {[%emt 0:00:46]} 27. b3 {[%emt 0:03:30]} d4 {[%emt 0:07:34]} 28. Kc2 {[%emt 0:00:40]} Rd5 {[%emt 0:01:07]} 29. h5 $11 {[%emt 0:05:48]} fxe5 {[%emt 0:02:30]} 30. fxe5 {[%emt 0:00:01]} Rxe5 {[%emt 0:00:42]} 31. Rxd4 {[%emt 0:00:08]} Rc8+ {[%emt 0:01:47]} 32. Kb2 {[%emt 0:00:14]} Re2+ 1/2-1/2

[Event "19th Raciborz Open 2019"]
[Site "Raciborz"]
[Date "2019.02.15"]
[Round "9.2"]
[White "Helis, Tadeusz"]
[Black "Mirzoev, Emil"]
[Result "0-1"]
[WhiteElo "2174"]
[BlackElo "2511"]
[Annotator "RC"]
[PlyCount "90"]
[EventDate "2019.02.09"]
[EventType "swiss"]
[EventCountry "POL"]
[SourceTitle "playchess.com"]
[Source "ChessBase"]
[SourceQuality "1"]
[TimeControl "5400+30"]

1. Nf3 {[%emt 0:00:00]} g6 {[%emt 0:03:19]} 2. g3 {[%emt 0:00:18]} Bg7 {[%emt 0:00:04]} 3. Bg2 {[%emt 0:00:07]} e5 {[%emt 0:00:02]} 4. d3 {[%emt 0:00:45]} d5 {[%emt 0:00:03]} 5. O-O {[%emt 0:00:09]} Ne7 {[%emt 0:00:02]} 6. e4 {[%emt 0:01:09]} c6 {[%emt 0:00:36]} 7. Re1 {[%emt 0:04:32]} d4 {[%emt 0:00:05]} 8. a4 {[%emt 0:00:07]} c5 {[%emt 0:00:09]} 9. Nbd2 {[%emt 0:00:45]} Nbc6 {[%emt 0:00:05]} 10. Nc4 {[%emt 0:02:09]} h6 {[%emt 0:00:05]} 11. c3 {[%emt 0:02:01]} Be6 {[%emt 0:00:04]} 12. cxd4 {[%emt 0:00:11]} cxd4 {[%emt 0:00:07]} 13. Bd2 {[%emt 0:03:36]} Bxc4 {[%emt 0:02:35]} 14. dxc4 {[%emt 0:02:32]} a5 {[%emt 0:00:03]} 15. Qb3 {[%emt 0:03:02]} Nb4 {[%emt 0:02:52]} 16. Bxb4 {[%emt 0:04:04]} Qb6 {[%emt 0:00:08]} 17. Qa3 {[%emt 0:00:04]} axb4 {[%emt 0:01:03]} 18. Qd3 {[%emt 0:00:03]} O-O {[%emt 0:03:00]} 19. Bh3 {[%emt 0:06:21]} Nc6 {[%emt 0:01:52]} 20. Nd2 {[%emt 0:08:03]} Rfd8 {[%emt 0:04:18]} 21. Nb3 {[%emt 0:09:34]} h5 {[%emt 0:02:17]} 22. Red1 {[%emt 0:00:15]} Bh6 {[%emt 0:03:40]} 23. Ra2 {[%emt 0:07:03]} Qc7 {[%emt 0:03:49]} 24. Rda1 {[%emt 0:01:18]} Nb8 {[%emt 0:02:21]} 25. Rd1 {[%emt 0:03:40]} Na6 {[%emt 0:02:05]} 26. Rda1 {[%emt 0:00:09]} Kg7 {[%emt 0:01:27]} 27. Rd1 {[%emt 0:00:03]} Rd6 {[%emt 0:00:44]} 28. Raa1 {[%emt 0:00:29]} Bg5 {[%emt 0:04:17]} 29. Rf1 {[%emt 0:02:29]} Rc6 {[%emt 0:02:18]} 30. c5 {[%emt 0:12:21]} Nxc5 {[%emt 0:01:20]} 31. Nxc5 {[%emt 0:00:03]} Rxc5 {[%emt 0:00:06]} 32. Qb3 {[%emt 0:00:17]} Ra6 {[%emt 0:02:32]} 33. Qxb4 {[%emt 0:00:48]} Rb6 {[%emt 0:00:05]} 34. Qa3 {[%emt 0:00:19]} Rc2 {[%emt 0:00:01]} 35. b3 {[%emt 0:03:58]} Be7 {[%emt 0:00:44]} 36. b4 {[%emt 0:00:01]} Bxb4 {[%emt 0:00:49]} 37. Qd3 {[%emt 0:00:28]} Rd2 {[%emt 0:00:18]} 38. Qf3 {[%emt 0:00:23]} Bc3 {[%emt 0:00:40]} 39. Rab1 {[%emt 0:00:45]} Rf6 {[%emt 0:00:06]} 40. Qg2 {[%emt 0:00:04]} d3 {[%emt 0:00:24]} 41. Rbd1 {[%emt 0:00:31]} Rxd1 {[%emt 0:00:23]} 42. Rxd1 {[%emt 0:03:45]} Bd4 {[%emt 0:03:19]} 43. Rf1 {[%emt 0:00:48]} Rxf2 {[%emt 0:00:56]} 44. Rxf2 {[%emt 0:00:09]} Qc1+ {[%emt 0:00:04]} 45. Qf1 {[%emt 0:00:22]} d2 {[%emt 0:00:01]} 0-1